[Event "Sparkassen Open A"]
[Site "Dortmund GER"]
[Date "2011.07.31"]
[Round "9.39"]
[White "Shishkov, Mark"]
[Black "Moeller, Jeremy"]
[Result "0-1"]
[WhiteElo "1954"]
[BlackElo "1863"]
[WhiteFideId "12911682"]
[BlackFideId "24692913"]
[EventDate "2011.07.23"]

1. d4 d5 2. c4 e6 3. Nf3 c6 4. e3 f5 5. Qc2 Nf6 6. Nbd2 Bd6 7. Be2 O-O 8. b3 Ne4
9. Bb2 Nd7 10. O-O Qf6 11. Ne1 g5 12. g3 Qh6 13. Nxe4 dxe4 14. f3 exf3 15. Rxf3
Nf6 16. Rf2 Ne4 17. Rg2 g4 18. Qd3 Qg5 19. d5 cxd5 20. cxd5 e5 21. Nc2 Bd7 22.
Re1 b5 23. Qd1 Rac8 24. Bd3 Nc3 25. Bxc3 Rxc3 26. e4 Bc5+ 27. Kh1 fxe4 28. Rxe4
h5 29. Qe1 Rxd3 30. Rxe5 Qxe5 0-1

[Event "Sparkassen Open A"]
[Site "Dortmund GER"]
[Date "2011.07.31"]
[Round "9.40"]
[White "Brehm, Stefan"]
[Black "Schmitz, Tim"]
[Result "1/2-1/2"]
[WhiteElo "1760"]
[BlackElo "1934"]
[WhiteFideId "1271613"]
[BlackFideId "1270221"]
[EventDate "2011.07.23"]

1. d4 Nf6 2. c4 g6 3. Nc3 Bg7 4. e4 d6 5. Be2 O-O 6. Nf3 e5 7. O-O Nc6 8. d5 Ne7
9. Ne1 Nd7 10. Be3 f5 11. f3 f4 12. Bf2 g5 13. Nd3 Rf6 14. c5 Rh6 15. Rc1 Qe8
16. g4 fxg3 17. Bxg3 a6 18. cxd6 cxd6 19. a4 Nf6 20. Nf2 Nh5 21. Ng4 Rg6 22. a5
Nf4 23. Bxf4 exf4 24. Kh1 h5 25. Nf2 Kh8 26. Rg1 Ng8 27. Na4 Bd7 28. Nb6 Rd8 29.
Qd2 Bb5 30. Bxb5 Qxb5 31. b4 Be5 32. Nh3 g4 33. Nxf4 Bxf4 34. Qxf4 Rf6 35. Qg5
Qe2 36. Rc7 Qxf3+ 1/2-1/2

[Event "Sparkassen Open A"]
[Site "Dortmund GER"]
[Date "2011.07.31"]
[Round "9.41"]
[White "Henkemeier, Markus"]
[Black "Morgenroth, Hubertus"]
[Result "1-0"]
[WhiteElo "1895"]
[BlackElo "1829"]
[WhiteFideId "1271859"]
[BlackFideId "12922269"]
[EventDate "2011.07.23"]

1. e4 e5 2. Bc4 Nc6 3. Nc3 Nf6 4. d3 h6 5. f4 Bc5 6. Nf3 d6 7. f5 a6 8. Qe2 O-O
9. Bd2 Bd7 10. O-O-O Nd4 11. Nxd4 Bxd4 12. g4 b5 13. Bb3 a5 14. g5 hxg5 15. Bxg5
a4 16. Nd5 Bxf5 17. exf5 axb3 18. Nxf6+ gxf6 19. Bh6 Kh7 20. Qh5 1-0

[Event "Sparkassen Open A"]
[Site "Dortmund GER"]
[Date "2011.07.31"]
[Round "9.47"]
[White "Niediek, Cedric"]
[Black "Ehrlacher, Markus"]
[Result "1/2-1/2"]
[WhiteElo "1820"]
[BlackElo "1928"]
[WhiteFideId "12936685"]
[BlackFideId "4699696"]
[EventDate "2011.07.23"]

1. e4 e6 2. d3 d5 3. Nd2 Nf6 4. Ngf3 dxe4 5. dxe4 Bc5 6. Be2 e5 7. O-O Nc6 8. c3
O-O 9. Qc2 a6 10. h3 h6 11. Rd1 Qe7 12. Nf1 Be6 13. Be3 Rfd8 1/2-1/2